JO Paris 2024: Tableau des Médailles - Statistiques

Statistiques générales
  • Ce quiz a été pris 452 fois
    302 depuis la dernière actualisation
  • Le résultat moyen est 53 sur 90
Statistiques - réponses
Réponse % Correct
Chine
99%
Etats-Unis
99%
France
99%
Japon
97%
Australie
93%
Grande-Bretagne
93%
Espagne
92%
Allemagne
87%
Canada
87%
Italie
87%
Brésil
84%
Argentine
81%
Suède
81%
Corée du Sud
80%
Pays-Bas
78%
Portugal
78%
Maroc
77%
Algérie
76%
Belgique
76%
Mexique
76%
Norvège
76%
Suisse
73%
Afrique du Sud
72%
Inde
72%
Nouvelle-Zélande
71%
Irlande
70%
Pologne
69%
Ukraine
69%
Danemark
68%
Grèce
67%
Hongrie
66%
Chili
65%
Kenya
65%
Autriche
64%
Egypte
64%
Slovénie
64%
Tunisie
64%
Turquie
63%
Serbie
62%
Colombie
61%
Corée du Nord
61%
Jamaïque
61%
Slovaquie
61%
Cuba
60%
Indonésie
60%
Croatie
59%
Roumanie
59%
Ethiopie
58%
Iran
58%
Bulgarie
56%
Ouzbékistan
56%
Pérou
56%
Qatar
56%
Israël
55%
Kazakhstan
55%
République Tchèque
55%
Lituanie
53%
Mongolie
53%
Pakistan
53%
Thaïlande
53%
Fidji
52%
Géorgie
48%
Sainte-Lucie
46%
Albanie
45%
Panama
44%
Arménie
43%
Malaisie
43%
Azerbaïdjan
42%
Philippines
42%
Guatemala
41%
Singapour
41%
Equateur
40%
Kosovo
40%
Tadjikistan
40%
Botswana
39%
Chypre
39%
Côte d'Ivoire
39%
Taipei Chinois
39%
Moldavie
38%
Kirghizistan
34%
Bahreïn
32%
Jordanie
32%
Ouganda
30%
République Dominicaine
30%
Zambie
30%
Hong Kong
28%
Dominique
27%
Grenade
24%
Cap-Vert
23%
Porto Rico
14%
Aucun quiz correspondant
Distribution des résultats
% des personnes avec chaque résultat
Percentile par nombre de réponses
Votre historique - résultats
Vous n’avez pas pris ce quiz depuis la dernière actualisation